Apuestas mínimas / (Record no. 186131)

MARC details
000 -LEADER
campo de control de longitud fija 00865nam a2200229 i 4500
001 - NÚMERO DE CONTROL
campo de control 186131
003 - IDENTIFICADOR DE NÚMERO DE CONTROL
campo de control SpMaBN
005 - FECHA Y HORA DE LA ÚLTIMA TRANSACCIÓN
campo de control 20250826151435.0
008 - DATOS DE LONGITUD FIJA--INFORMACIÓN GENERAL
campo de control de longitud fija 160912s2013 sp |||| | spa d
020 ## - NÚMERO INTERNACIONAL ESTÁNDAR DEL LIBRO
Número Internacional Estándar del Libro 978-84-9949-273-5
080 ## - NÚMERO DE LA CLASIFICACIÓN DECIMAL UNIVERSAL
Número de la Clasificación Decimal Universal 821.134.2-14"19"
100 1# - ENTRADA PRINCIPAL--NOMBRE DE PERSONA
Nombre de persona Ballesteros, Andrés.
9 (RLIN) 160798
245 10 - MENCIÓN DEL TÍTULO
Título Apuestas mínimas /
Mención de responsabilidad, etc. Andrés Ballesteros, Guillermo de la Cruz, José Luis Ortiz Berenguer.
260 ## - PUBLICACIÓN, DISTRIBUCIÓN, ETC.
Lugar de publicación, distribución, etc. Madrid :
Nombre del editor, distribuidor, etc. Liber Factory,
Fecha de publicación, distribución, etc. 2013.
300 ## - DESCRIPCIÓN FÍSICA
Extensión 177 p. ;
Dimensiones 21 cm.
700 1# - ENTRADA AGREGADA--NOMBRE PERSONAL
Nombre de persona Cruz, Guillermo de la,
Fechas asociadas al nombre 1946-
9 (RLIN) 160799
700 1# - ENTRADA AGREGADA--NOMBRE PERSONAL
Nombre de persona Ortiz Berenguer, José Luis.
9 (RLIN) 160800
852 ## - LOCALIZACIÓN
Ubicación ES-MaACL
Número de control de estantería A-13812
itemnumber 193183
Sublocalización o colección R.151029
Ubicación en estantería Depósito 1
Signatura antigua Olim: N-6812
Anotaciones manuscritas Dedicatoria autógrafa de 1 de los coautores
Donativo/Legado Donación: Guillermo de la Cruz
903 ## - NOMBRE PERSONAL DE DONANTE
a Cruz, Guillermo de la,
d 1946-
e Donante
9 160799
942 ## - ELEMENTOS DE ENTRADA SECUNDARIOS (KOHA)
Fuente del sistema de clasificación o colocación Clasificación decimal universal
Tipo de ítem Koha Libro impreso
Holdings
Estatus retirado Estado de pérdida Fuente del sistema de clasificación o colocación Estado de daño No para préstamo Colección Biblioteca de origen Biblioteca actual Ubicación en estantería Fecha de adquisición Fuente de adquisición Total de préstamos Signatura topográfica completa Código de barras Visto por última vez Precio de reemplazo Tipo de ítem Koha Nota pública
    Clasificación decimal universal     Libros con dedicatorias Biblioteca del Ateneo de Madrid Biblioteca del Ateneo de Madrid Depósito 1 12/09/2016 Donación   A-13812 1196238 23/02/2023 23/02/2023 Libro impreso Dedicatoria autógrafa del autor